000
00284nas a2200109 4500
005
20230707134715.0
008
220323b ||||| |||| 00| 0 eng d
040
_a
_c
245
_a
Madhu prapancha
260
_a
D K Jenuvyavasayagarara sahakari sangha
_b
Putturu
942
_2
ddc
_c
PR
_s
1
999
_c
222010
_d
222010